Statistics for Formula 1 2017 Drivers

Click here to take the quiz!

General Stats

  • This quiz has been taken 488 times
  • The average score is 18 of 20

Answer Stats

Team Number Driver % Correct
Mercedes44Lewis Hamilton
100%
Ferrari5Sebastian Vettel
99%
Red Bull33Max Verstappen
97%
Mercedes77Valtteri Bottas
97%
Red Bull3Daniel Ricciardo
96%
McLaren14Fernando Alonso
96%
Force India11Sergio Perez
95%
Ferrari7Kimi Raikkonen
92%
Renault27Nico Hulkenberg
91%
Haas8Romain Grosjean
90%
Toro Rosso55Carlos Sainz Jr.
88%
Force India31Esteban Ocon
86%
Williams18Lance Stroll
85%
Williams19Felipe Massa
85%
Toro Rosso26Daniil Kvyat
85%
Haas20Kevin Magnussen
84%
McLaren2Stoffel Vandoorne
78%
Sauber9Marcus Ericsson
76%
Renault30Jolyon Palmer
71%
Sauber94Pascal Wehrlein
62%

Score Distribution

Percentile by Number Answered

Percent of People with Each Score

Your Score History

You have not taken this quiz